Statistics for European Countries with One Border (Hints)

Click here to take the quiz!

General Stats

  • This quiz has been taken 4,009 times
  • The average score is 7 of 7

Answer Stats

NeighborCountry% Correct
United KingdomIreland
98%
SpainPortugal
98%
IrelandUnited Kingdom
98%
ItalyVatican City
95%
ItalySan Marino
93%
GermanyDenmark
90%
FranceMonaco
89%

Score Distribution

Percentile by Number Answered

Percent of People with Each Score

Your Score History

You have not taken this quiz